Quelle ville des Alpes-Maritimes ? - Statistiques

Statistiques générales
  • Ce quiz a été pris 57 fois
  • Le résultat moyen est 11 sur 20
Statistiques - réponses
Quelle commune maralpine... Lettre Ville % Correct
...remet chaque année des palmes lors d'un festival de cinéma ? C Cannes
100%
...est connue pour son carnaval célébrant sa production de citrons ? M Menton
100%
...attira des millions de touristes à Marineland entre 1970 et 2025 ? A Antibes
98%
...est considérée comme la capitale mondiale du parfum ? G Grasse
98%
...a vu naître Simone Veil, Hugo Lloris et le surfeur Brice Agostini ? N Nice
98%
...voit une partie de son littoral défendu par le château de la Napoule ? M Mandelieu-la-Napoule
76%
...constitue la station de ski alpin la plus proche de la Côte d'Azur ? I Isola
75%
...est l'une des rares villes françaises dont le nom est un palindrome ? E Eze
71%
...organise chaque mois d'avril le Rolex Monte-Carlo Masters ? R Roquebrune-Cap-Martin
51%
...fut créée au XIe siècle comme hospice, à l'embouchure du Var ? S Saint-Laurent-du-Var
47%
...se situe sur le cap qui inspira le nom de scène de Jean Tenenbaum ? S Saint-Jean-Cap-Ferrat
43%
...abrite le château Grimaldi, devenu musée d'art moderne en 1946 ? C Cagnes-sur-Mer
41%
...fut érigée en commune à partir d'un bidonville surplombant Monaco ? B Beausoleil
33%
...est réputée pour ses céramiques redécouvertes par ce même peintre ? V Vallauris
29%
...a vu Cocteau écrire et tourner Orphée, et décorer une chapelle ? V Villefranche-sur-Mer
25%
...est mentionnée par Michel Sardou dans La java de Broadway ? S Saint-Paul-de-Vence
24%
...abrite le cœur de Sophia Antipolis, première technopole européenne ? V Valbonne
24%
...ne fut cédée par l'Italie et intégrée au territoire national qu'en 1947 ? T Tende
22%
...a eu Pablo Picasso pour résident de 1961 jusqu'à sa mort, en 1973 ? M Mougins
18%
...est célèbre pour la villa Kérylos, s'inspirant de la Grèce antique ? B Beaulieu-sur-Mer
14%
Aucun quiz correspondant
Distribution des résultats
% des personnes avec chaque résultat
Percentile par nombre de réponses
Votre historique - résultats
Vous n’avez pas pris ce quiz